Kraje, które mają najwięcej użytkowników Tiktoka - Statystyki

Ogólne statystyki
  • Ten quiz został rozwiązany 203 razy
  • Średni wynik to 9 z 15
Statystyki odpowiedzi
Użytkownicy Kraj % Poprawnych
120M Stany Zjednoczone
99%
23M Niemcy
89%
57M Rosja
87%
24M Francja
86%
85M Brazylia
84%
60M Meksyk
73%
96M Indonezja
58%
35M Turcja
58%
26M Egipt
54%
45M Tajlandia
42%
55M Wietnam
42%
28M Arabia Saudyjska
41%
45M Filipiny
38%
25M Irak
32%
23M Kolumbia
32%
Nie znaleziono quizów pasujących do podanych kryteriów
Rozkład punktacji
Procent ludzi z każdym wynikiem
Percentyl według liczby udzielonych odpowiedzi
Twoja historia wyników
Nie rozwiązałeś tego quizu